书目信息 |
| 题名: |
零基础入门学习C语言
|
|
| 作者: | 小甲鱼 著 | |
| 分册: | ||
| 出版信息: | 北京 清华大学出版社 2019.05 |
|
| 页数: | XI, 347页 | |
| 开本: | 26cm | |
| 丛书名: | 水木书荟 | |
| 单 册: | ||
| 中图分类: | TP312.8C , TP312.8 | |
| 科图分类: | ||
| 主题词: | C语言--C yu yan--程序设计 | |
| 电子资源: | ||
| ISBN: | 978-7-302-50594-5 | |
| 000 | 01173nam 2200289 450 | |
| 001 | 1951445342 | |
| 005 | 20191106141751.15 | |
| 010 | @a978-7-302-50594-5@dCNY79.00 | |
| 100 | @a20190424d2019 em y0chiy50 ea | |
| 101 | 0 | @achi |
| 102 | @aCN@b110000 | |
| 105 | @aak z 000yy | |
| 200 | 1 | @a零基础入门学习C语言@Aling ji chu ru men xue xi C yu yan@e带你学C带你飞@f小甲鱼著 |
| 210 | @a北京@c清华大学出版社@d2019.05 | |
| 215 | @aXI, 347页@c图@d26cm | |
| 225 | 2 | @a水木书荟@Ashui mu shu hui |
| 300 | @a微课视频版 | |
| 314 | @a小甲鱼 (本名李佳宇) , 鱼C工作室创始人, 旗下鱼C论坛, 现注册用户50多万。 | |
| 330 | @a本书面向零基础的读者, 深入浅出, 通俗易懂。本书从变量、数据类型、取值范围等基本知识开始讲解, 再深入介绍两大重要的结构 —— 分支与循环, 讲到全书的重点 —— 指针的时候, 分散难点, 依次讲解数组与指针, 函数与指针, 结构体与指针, 每个知识点结合恰当的实例演示, 环环相扣, 内容详尽。 | |
| 410 | 0 | @12001 @a水木书荟 |
| 517 | 1 | @a带你学C带你飞@Adai ni xue C dai ni fei |
| 606 | 0 | @aC语言@AC yu yan@x程序设计 |
| 690 | @aTP312.8C@v5 | |
| 690 | @aTP312.8@v4 | |
| 701 | 0 | @a小甲鱼@Axiao jia yu@4著 |
| 801 | 0 | @aCN@b人天书店@c20190424 |
| 905 | @aBZT@dTP312.8@e13 | |
| 零基础入门学习C语言:带你学C带你飞/小甲鱼著.-北京:清华大学出版社,2019.05 |
| XI, 347页:图;26cm.-(水木书荟) |
| 微课视频版 |
| ISBN 978-7-302-50594-5:CNY79.00 |
| 本书面向零基础的读者, 深入浅出, 通俗易懂。本书从变量、数据类型、取值范围等基本知识开始讲解, 再深入介绍两大重要的结构 —— 分支与循环, 讲到全书的重点 —— 指针的时候, 分散难点, 依次讲解数组与指针, 函数与指针, 结构体与指针, 每个知识点结合恰当的实例演示, 环环相扣, 内容详尽。 |
| ● |
| 相关链接 |
|
|
|
正题名:零基础入门学习C语言
索取号:TP312.8/13
 
预约/预借
| 序号 | 登录号 | 条形码 | 馆藏地/架位号 | 状态 | 备注 |
| 1 | 860114 | 2000860114 | 第二书库/ [索取号:TP312.8/13] | 在馆 | |
| 2 | 860115 | 2000860115 | 第二书库/ [索取号:TP312.8/13] |
已借出,限还日期为2026.04.10 借出人:刘存才 |
|
| 3 | 860116 | 2000860116 | 第二书库/ [索取号:TP312.8/13] | 在馆 |